| 000 | 00586nam a22001697a 4500 | ||
|---|---|---|---|
| 003 | BD-DhUL | ||
| 005 | 20160829111547.0 | ||
| 008 | 160829b xxu||||| |||| 00| 0 eng d | ||
| 040 | _cBD-DhUL | ||
| 082 |
_a909.04 _bANI |
||
| 100 | _aআনসারী, মুসা | ||
| 245 |
_aইতিহাস : সমাজ ও সংস্কৃতি / _cআনসারী, মুসা |
||
| 260 |
_aঢাকা : _bবাংলা একাডেমি, _c১৯৯২ |
||
| 300 |
_a২০৬ পৃ. ; _c২২ সেমি. |
||
| 650 |
_aইতিহাস _vHistory |
||
| 942 |
_2ddc _cBK |
||
| 999 |
_c102178 _d102178 |
||